[Event "LUX-chABC"]
[Site "Dudelange"]
[Date "1998.04.18"]
[Round "8.24"]
[White "Beck, Luc"]
[Black "Zanier, Nico"]
[Result "0-1"]
[WhiteElo "1570"]
[BlackElo "1795"]
[PlyCount "88"]
[EventDate "1998.04.11"]
[EventType "swiss"]
[EventRounds "9"]
[EventCountry "LUX"]
[SourceTitle "EXT 2013"]
[Source "ChessBase"]
[SourceDate "2012.11.22"]
[SourceVersion "1"]
[SourceVersionDate "2012.11.22"]
[SourceQuality "1"]

1. e4 c5 2. Nf3 Nc6 3. d4 cxd4 4. Nxd4 Nf6 5. Nc3 a6 6. Be3 d6 7. Qd2 e6 8. Bd3 Be7 9. f3 0-0 10. g4 Ne5 11. Be2 b5 12. a3 Bb7 13. h3 Rc8 14. b3 Qc7 15. Nd1 d5 16. Nf2 dxe4 17. fxe4 Nxe4 18. Nxe4 Bxe4 19. 0-0 Rfd8 20. Ra2 Bc5 21. c3 Nc6 22. Bf4 e5 23. Bxe5 Qxe5 24. Qf4 Bxd4+ 25. cxd4 Qxf4 26. Rxf4 Bd5 27. Rb2 Na5 28. b4 Nc4 29. Bxc4 Rxc4 30. Kf2 Rc3 31. Re2 Rxh3 32. Re3 Rxe3 33. Kxe3 Re8+ 34. Kf2 Re4 35. Rxe4 Bxe4 36. Ke3 Bd5 37. Kf4 f6 38. g5 fxg5+ 39. Kxg5 Kf7 40. Kf5 Ke7 41. Ke5 Bc4 42. d5 h5 43. Kf4 Kd6 44. Kg5 Be2 0-1

[Event "LUX-chABC"]
[Site "Dudelange"]
[Date "1998.04.17"]
[Round "7.24"]
[White "Zanier, Nico"]
[Black "Birtz, Claude"]
[Result "1/2-1/2"]
[WhiteElo "1795"]
[BlackElo "1620"]
[PlyCount "150"]
[EventDate "1998.04.11"]
[EventType "swiss"]
[EventRounds "9"]
[EventCountry "LUX"]
[SourceTitle "EXT 2013"]
[Source "ChessBase"]
[SourceDate "2012.11.22"]
[SourceVersion "1"]
[SourceVersionDate "2012.11.22"]
[SourceQuality "1"]

1. Nf3 e6 2. g3 f5 3. Bg2 Nf6 4. d3 Be7 5. e3 0-0 6. Nbd2 d6 7. Nb3 Nc6 8. Bd2 e5 9. Qe2 a5 10. a4 Be6 11. 0-0 Nd5 12. e4 fxe4 13. dxe4 Nb6 14. Nc1 Bc4 15. Nd3 Nd7 16. b3 Ba6 17. c4 b6 18. h4 Qe8 19. Be3 Qg6 20. Nh2 Bc8 21. h5 Qf7 22. f4 Nf6 23. fxe5 Nxe5 24. Nxe5 dxe5 25. Bg5 Bc5+ 26. Be3 Bxe3+ 27. Qxe3 Qxh5 28. c5 Nd7 29. Rxf8+ Kxf8 30. cxb6 cxb6 31. Qc3 Ba6 32. Qc6 Rd8 33. Qc7 Ke8 34. Bf3 Qg5 35. Kg2 Qd2+ 36. Kh3 Qh6+ 37. Kg2 Qd2+ 38. Kh3 Rc8 39. Qa7 Be2 40. Bg4 Bxg4+ 41. Nxg4 Rc2 42. Qa8+ Ke7 43. Qh8 Qg2+ 44. Kh4 Qxe4 45. Qxg7+ Kd8 46. Rd1 Rh2+ 47. Kg5 h6+ 48. Nxh6 Qe3+ 49. Kg6 Qxg3+ 50. Kh7 Qxg7+ 51. Kxg7 Ke7 52. Nf5+ Ke6 53. Rd6+ Kxf5 54. Rxd7 Rb2 55. Rd3 e4 56. Rh3 Kf4 57. Rh4+ Ke3 58. Kf6 Kd3 59. Ke5 e3 60. Rd4+ Ke2 61. Rd6 Rxb3 62. Rf6 Rb4 63. Rd6 Ke1 64. Rf6 e2 65. Rd6 Rb2 66. Ke4 Rd2 67. Rxb6 Kd1 68. Rb1+ Kc2 69. Re1 Kb3 70. Ke3 Ra2 71. Rb1+ Kxa4 72. Kd3 Ka3 73. Kc3 a4 74. Re1 Rb2 75. Ra1+ Ra2 1/2-1/2

[Event "Luxembourg op"]
[Site "Luxembourg"]
[Date "1996.??.??"]
[Round "3"]
[White "Lorsche, Jean"]
[Black "Zanier, Nico"]
[Result "0-1"]
[WhiteElo "1640"]
[BlackElo "1805"]
[PlyCount "110"]
[EventDate "1996.??.??"]
[EventType "swiss"]
[EventRounds "9"]
[EventCountry "LUX"]
[SourceTitle "EXT 2005"]
[Source "ChessBase"]
[SourceDate "2004.11.15"]
[SourceVersion "1"]
[SourceVersionDate "2004.11.15"]
[SourceQuality "1"]

1. Nf3 c5 2. g3 d5 3. Bg2 Nc6 4. d3 Nf6 5. 0-0 e6 6. Bg5 Be7 7. Nc3 0-0 8. e4 h6 9. Bxf6 Bxf6 10. Rb1 d4 11. Ne2 e5 12. a3 Be6 13. b4 c4 14. dxc4 Bxc4 15. Ne1 Qb6 16. Nd3 Qb5 17. Re1 Rac8 18. Ra1 Bxd3 19. cxd3 Ne7 20. Rc1 Rxc1 21. Nxc1 Rc8 22. Ne2 Qc6 23. Nxd4 Qa6 24. Nc2 Rc3 25. Bf1 Qa4 26. Re2 Nc6 27. Ne3 Qxd1 28. Nxd1 Rxd3 29. Ne3 Rxa3 30. Rb2 Nd4 31. Kg2 Bg5 32. Nd5 Bd8 33. h4 a6 34. Ne3 Bc7 35. Nc4 Ra1 36. Bd3 Rd1 37. Rd2 Rxd2 38. Nxd2 b6 39. b5 axb5 40. Nf3 Nxf3 41. Kxf3 f6 42. Bxb5 g6 43. g4 g5 44. h5 Kf7 45. Ke2 Ke7 46. f3 Kd6 47. Kd2 Kc5 48. Bf1 Kd4 49. Kc2 Ke3 50. Bg2 Kf2 51. Bh3 Kxf3 52. Bf1 Kxg4 53. Be2+ Kf4 54. Kd3 b5 55. Bd1 g4 0-1

[Event "Luxembourg op"]
[Site "Luxembourg"]
[Date "1996.??.??"]
[Round "6"]
[White "Zanier, Nico"]
[Black "Bishop, Peter"]
[Result "1/2-1/2"]
[WhiteElo "1805"]
[BlackElo "1945"]
[PlyCount "36"]
[EventDate "1996.??.??"]
[EventType "swiss"]
[EventRounds "9"]
[EventCountry "LUX"]
[SourceTitle "EXT 2005"]
[Source "ChessBase"]
[SourceDate "2004.11.15"]
[SourceVersion "1"]
[SourceVersionDate "2004.11.15"]
[SourceQuality "1"]

1. e4 e6 2. Nf3 d5 3. exd5 exd5 4. d4 Nf6 5. Bg5 Be7 6. Be2 Nc6 7. c3 0-0 8. 0-0 a6 9. Nbd2 Bf5 10. Bxf6 Bxf6 11. Re1 Qd6 12. Nf1 Rfe8 13. Ng3 Bg6 14. Qd2 h6 15. Bd3 Bxd3 16. Qxd3 g6 17. Re2 Kg7 18. Rae1 Rxe2 1/2-1/2

[Event "Luxembourg op"]
[Site "Luxembourg"]
[Date "1996.??.??"]
[Round "4"]
[White "Zanier, Nico"]
[Black "Krier, Clement"]
[Result "0-1"]
[WhiteElo "1805"]
[BlackElo "1925"]
[PlyCount "64"]
[EventDate "1996.??.??"]
[EventType "swiss"]
[EventRounds "9"]
[EventCountry "LUX"]
[SourceTitle "EXT 2005"]
[Source "ChessBase"]
[SourceDate "2004.11.15"]
[SourceVersion "1"]
[SourceVersionDate "2004.11.15"]
[SourceQuality "1"]

1. e4 c6 2. d4 d5 3. e5 Bf5 4. Bd3 Bxd3 5. Qxd3 e6 6. Nf3 Qa5+ 7. c3 Qa6 8. Qxa6 Nxa6 9. 0-0 c5 10. a3 cxd4 11. cxd4 Ne7 12. Nc3 Nc7 13. Bd2 Nc6 14. b4 b6 15. Rfc1 Be7 16. Nxd5 Nxd5 17. Rxc6 Kd7 18. Rc2 Rac8 19. Rac1 h6 20. g3 Rxc2 21. Rxc2 b5 22. Ne1 Nb6 23. Nd3 Nc4 24. a4 a6 25. a5 Rd8 26. Be3 Kc6 27. Nc5 Bxc5 28. bxc5 Kd5 29. Kf1 Ra8 30. Ra2 b4 31. Rc2 b3 32. Rc3 Rb8 0-1